书目信息 |
| 题名: |
循环再利用化学纤维生产及应用
|
|
| 作者: | 王华平 主编 | |
| 分册: | ||
| 出版信息: | 北京 中国纺织出版社 2018.06 |
|
| 页数: | 198页 | |
| 开本: | 26cm | |
| 丛书名: | ||
| 单 册: | ||
| 中图分类: | TQ340.68 , TQ340.6 | |
| 科图分类: | ||
| 主题词: | 循环使用--化学纤维--生产工艺--高等教育--教材 | |
| 电子资源: | ||
| ISBN: | 978-7-5180-5089-5 | |
| 000 | 01103nam0 2200265 450 | |
| 001 | 922 | |
| 005 | 20180926161220.43 | |
| 010 | @a978-7-5180-5089-5@dCNY78.00 | |
| 100 | @a20180819d2018 em y0chiy50 ea | |
| 101 | 0 | @achi |
| 102 | @aCN@b110000 | |
| 105 | @aa z 000yy | |
| 200 | 1 | @a循环再利用化学纤维生产及应用@9xun huan zai li yong hua xue xian wei sheng chan ji ying yong@f王华平主编 |
| 210 | @a北京@c中国纺织出版社@d2018.06 | |
| 215 | @a198页@c图@d26cm | |
| 300 | @a“十三五”普通高等教育本科部委级规划教材 化纤专业开放教育系列教材/端小平主编 | |
| 300 | @a中国化学纤维工业协会·恒逸基金 中国化学纤维工业协会·绿宇基金 | |
| 304 | @a中国化学纤维工业协会组织编写 | |
| 330 | @a本书内容主要包括废旧原料资源化原理与技术、物理法再利用技术、化学法再利用技术,同时以聚酯纤维为重点,探讨了再利用聚酯纤维成型工艺,差别化、功能化再利用聚酯纤维产品及其应用,产品标准体系与认证。 | |
| 606 | 0 | @a循环使用@x化学纤维@x生产工艺@x高等教育@j教材 |
| 690 | @aTQ340.68@v5 | |
| 690 | @aTQ340.6@v4 | |
| 701 | 0 | @a王华平@9wang hua ping@4主编 |
| 801 | 0 | @aCN@b91MARC@c20180819 |
| 905 | @aMuseLib@dTQ340.6@e29 | |
| 循环再利用化学纤维生产及应用/王华平主编.-北京:中国纺织出版社,2018.06 |
| 198页:图;26cm |
| “十三五”普通高等教育本科部委级规划教材 化纤专业开放教育系列教材/端小平主编.-中国化学纤维工业协会·恒逸基金 中国化学纤维工业协会·绿宇基金 |
| ISBN 978-7-5180-5089-5:CNY78.00 |
| 本书内容主要包括废旧原料资源化原理与技术、物理法再利用技术、化学法再利用技术,同时以聚酯纤维为重点,探讨了再利用聚酯纤维成型工艺,差别化、功能化再利用聚酯纤维产品及其应用,产品标准体系与认证。 |
| ● |
| 相关链接 |
|
|
|
|
正题名:循环再利用化学纤维生产及应用
索取号:TQ340.6/29
 
预约/预借
| 序号 | 登录号 | 条形码 | 馆藏地/架位号 | 状态 | 备注 |
| 1 | 1120329 | 211203295 | 第二样本阅览室/ [索取号:TQ340.6/29] | 在馆 | |
| 2 | 1120330 | 211203302 | 化学系资料室/ [索取号:TQ340.6/29] | 在馆 | |
| 3 | 1120331 | 211203311 | 第三借阅区/ [索取号:TQ340.6/29] | 在馆 | |
| 4 | 1120332 | 211203320 | 第三借阅区/ [索取号:TQ340.6/29] | 在馆 | |
| 5 | 1120333 | 211203339 | 第三借阅区/ [索取号:TQ340.6/29] | 在馆 |